Sit , Your Self down; (Record no. 186522)

MARC details
000 -LEADER
fixed length control field 00649nam a22001817a 4500
005 - DATE AND TIME OF LATEST TRANSACTION
control field 20220308124654.0
010 ## - LCCN (DPL NO)
LC control number ENG-131881
020 ## - INTERNATIONAL STANDARD BOOK NUMBER
International Standard Book Number 9789389253559
Terms of availability 399.00
035 ## - SYSTEM CONTROL NUMBER
System control number EN-115413
037 ## - SOURCE OF ACQUISITION
Source of stock number/acquisition DBAD/PUB
082 ## - DEWEY DECIMAL CLASSIFICATION NUMBER
Classification number 880
Item number 1
100 ## - MAIN ENTRY--PERSONAL NAME
Personal name Jayaraman,Gayatri
245 ## - TITLE STATEMENT
Title Sit , Your Self down;
Remainder of title A Novice's journey into the heart of vipassana/
Statement of responsibility, etc Gayatri ,Jayaraman
260 ## - PUBLICATION, DISTRIBUTION, ETC. (IMPRINT)
Name of publisher, distributor, etc Hachette book Publishing India pvt. Ltd
Place of publication, distribution, etc Gurugram
Date of publication, distribution, etc 2020
270 ## - ADDRESS
Address 4th &5th Floors, Corporate Center plot no. 94 Sector 44,
City Gurugram
Postal code 122003
300 ## - PHYSICAL DESCRIPTION
Extent xi,212p.
Dimensions 20cm(Pbk)
Other physical details Epilogue, Acknowledgements
942 ## - ADDED ENTRY ELEMENTS (KOHA)
Source of classification or shelving scheme Dewey Decimal Classification
Item type English Books
Classification part 880
Call number suffix JAY
Holdings
Withdrawn status Lost status Not for loan Collection code Home library Current library Date acquired Source of acquisition Cost, normal purchase price Full call number Barcode Copy number Cost, replacement price Koha item type
      Non-fiction Bawana Bawana 08/03/2022 DBAD/PUB 399.00 880 JAY EN-115413 1 399.00 English Books

© Delhi Public Library
Hit Counter
free hit counter